00408 2200169 4500001002100000005001500021035002000036245004300056100001000099300002100109260003100130082000800161084001400169020001900183600001000202990002600212INLIS00000000000089220260316094724 a0010-03260000031 a40 Cerita Seru Dunia /cWulan Nuramala0 aWulan a104 hlm ;c23 cm aJakarta :bGramedia,c2021 a813 a813 WUL e a978623002907-3 4aWulan a2024/SMKMIRI/2979/001